Представление документа в формате MARC21

Поле Инд. ПП Название Значение
Тип записи a
Библиографический уровень b
001 Контрольный номер RU/IS/BASE/289322840
005 Дата корректировки 20200610181745.7
008 Кодируемые данные 20090302
040 b Код языка каталог. rus
e Правила каталог. PSBO
041 0_ a Код языка текста rus
084 a Индекс другой классификации/Индекс ББК 81.18
100 1_ a Автор Снеткова М. С.
245 10 a Заглавие К проблеме перевода художественных фильмов
b Продолж. заглавия (на материале двух русских переводов фильма П. Альмодовара "Женщины на грани нервного срыва")
504 a Библиография Библиогр.: с. 62
650 04 a Основная рубрика перевод
a Основная рубрика филологические науки
a Основная рубрика частное языкознание
a Основная рубрика языкознание
653 0_ a Ключевые слова "Женщины на грани нервного срыва" (кинофильм)
a Ключевые слова Испания
a Ключевые слова испанский язык
a Ключевые слова киноискусство
a Ключевые слова кинофильмы
a Ключевые слова перевод фильма
a Ключевые слова Россия
a Ключевые слова русский язык
a Ключевые слова художественный перевод
773 08 t Заглавие источника Вестник Московского университета. Серия 9, Филология
d Дата издания источника 2008
g Прочая информация № 1. - С. 56 - 62 : табл.
w Контрольный № источника RU/IS/BASE/286474501
901 t Тип документа b